000 00444nam a2200181Ia 4500
008 100920s9999 xx 000 0 und d
082 _b48996
_a22 थ 56
100 _aTUCKER JOHN D.
245 _aRADIO.
260 _bTHE ENGLISH LANGUAGE BOOK SOCIETY , LONDON.
_c1956
300 _a249
_bसाधी
365 _b0
520 _aएस.सी.
630 _aRADIO.
650 _aएस.सी.
730 _aRADIO.
942 _cBOOK
999 _c695744
_d695741